Countries Anwar Ibrahim has Visited - Statistics

General Stats
  • This quiz has been taken 37 times
    15 since last reset
  • The average score is 25 of 31
Answer Stats
Continent Country % Correct
Oceania Australia
100%
Asia Brunei
100%
Europe Germany
100%
Asia Indonesia
100%
Asia Singapore
100%
Europe United Kingdom
100%
North America United States of America
100%
Asia Bahrain
80%
Asia Bangladesh
80%
South America Brazil
80%
Asia Cambodia
80%
Africa Egypt
80%
Asia India
80%
Asia Japan
80%
Asia Kazakhstan
80%
Asia Kyrgyzstan
80%
Asia Laos
80%
Asia Philippines
80%
Asia Qatar
80%
Asia/ Europe Russia
80%
Asia Thailand
80%
Asia/ Europe Turkey
80%
Asia United Arab Emirates
80%
Asia Uzbekistan
80%
Asia Vietnam
80%
Europe Belgium
60%
Asia China
60%
Asia Pakistan
60%
South America Peru
60%
Asia Saudi Arabia
60%
Asia South Korea
60%
No matching quizzes found
Score Distribution
Percent of People with Each Score
Percentile by Number Answered
Your Score History
You have not taken this quiz since the last reset